Paroles - Si seulement je pouvais lui manquer - Calogero - Statistiques

Statistiques générales
  • Ce quiz a été pris 1 660 fois
  • Le résultat moyen est 172 sur 202
Statistiques - réponses
Paroles % Correct
ma
99%
Si
99%
je
98%
Je
98%
Lui
98%
lui
98%
seul
98%
seulement
98%
manque
97%
pouvais
97%
à
96%
A
96%
manquer
96%
Manquer
96%
pas
95%
me
94%
Qui
94%
un
94%
ce
93%
de
93%
De
93%
du
93%
ne
93%
faire
92%
Qu'il
92%
qu'il
92%
crime
89%
n'est
89%
Est-
88%
père,
88%
père
88%
tout
88%
Tout
88%
d'un
87%
le
87%
va
87%
que
86%
signe ?
86%
mes
84%
les
83%
rien
82%
Il
81%
mon
81%
part
81%
d'amour
78%
simplement
78%
Tous
78%
bien
77%
J'ai
76%
jours
76%
m'appelle
76%
vie ?
76%
Aussi
75%
ça
75%
loin
75%
parle
75%
Son
75%
adresser
73%
J'apprends
73%
qu'une
73%
penser
72%
vrai
72%
absence
70%
armes
70%
ciel
70%
d'y
70%
prière
70%
Qu'à
70%
j'arrête
69%
suffirait
69%
silence
68%
D'où
67%
vient
67%
Certainement
66%
dans
66%
raconter
66%
enfance
65%
dirais
64%
m'entoure
63%
vis
61%
vous
61%
briser
60%
monde
60%
autre
59%
l'entoure
59%
Comment
56%
briserai
50%
m'accroche,
45%
Aucun quiz correspondant
Distribution des résultats
% des personnes avec chaque résultat
Percentile par nombre de réponses
Votre historique - résultats
Vous n’avez pas pris ce quiz